[Event "Hoogovens"]
[Site "Wijk aan Zee"]
[Date "1999.01.24"]
[Round "7"]
[White "Shirov, Alexei"]
[Black "Kasparov, Garry"]
[Result "0-1"]
[WhiteElo "2726"]
[BlackElo "2812"]
[Annotator "Ftacnik,L"]
[PlyCount "98"]
[EventDate "1999.01.16"]
[EventType "tourn"]
[EventRounds "13"]
[EventCountry "NED"]
[EventCategory "17"]
[SourceTitle "CBM 069"]
[Source "ChessBase"]
[SourceDate "1999.04.01"]
[SourceVersion "1"]
[SourceVersionDate "1999.04.01"]
[SourceQuality "1"]

1. e4 c5 2. Nf3 d6 3. d4 cxd4 4. Nxd4 Nf6 5. Nc3 a6 6. Be3 Ng4 7. Bg5 h6 8. Bh4
g5 9. Bg3 Bg7 10. Be2 h5 11. Bxg4 hxg4 12. O-O e6 $5 {[%mdl 4] Kasparov
admitted, that without the help of a strong computer he would not have been
able to enter such a sharp line. Modern chess is changing with a breathtaking
speed.} (12... Nc6 13. Nf5 Bxf5 14. exf5 Bxc3 (14... Qa5 15. Nd5 Be5 16. Bxe5
Nxe5 17. b4 Qd8 18. c4 {1-0 Lanka,Z-Degraeve,J/Cappelle/1994/ (26)}) 15. bxc3
f6 (15... Ne5 16. c4 (16. Bxe5 dxe5 17. Qxg4 f6 18. Rfd1 (18. g3 Qc7 19. Rab1
b5 20. c4 Kf7 21. Rb4 Qc5 22. cxb5 axb5 23. a4 bxa4 24. Rxa4 Qxc2 {1/2-1/2
Miranovic,R-Ruck,R/HUN-chT1/1995/ (27)}) (18. Qe4 Qc7 19. Rab1 O-O-O (19... Rb8
20. g3 {/\ Rb3, Rfb1 ><b7}) 20. g3 Rd6 21. Rb4 Rhd8 22. Kg2 Kb8 23. Rfb1 {
1-0 Apicella,M-Gallagher,J/Clichy/1997/ (38)}) 18... Qc7 19. Qa4+ b5 20. Qb3
Rc8 21. a4 e4 22. g3 e3 23. fxe3 Qe5 24. Qe6 {1/2-1/2 O'Donnell,T-Gardner,R/
CAN-ch/1994/ (41)}) 16... Qc7 17. Rb1 f6 18. c5 Qxc5 19. Rxb7 Kf7 20. Bxe5 Qxe5
21. h3 Qe4 22. Qb1 gxh3 23. Qb3+ d5 24. gxh3 g4 {1/2-1/2 Mainka,R-Gallagher,J/
Eupen 1993/ (33)}) 16. Qxg4 Qa5 17. Rab1 O-O-O 18. Rb3 Rd7 19. Rfb1 Rc7 20. f3
Qd5 21. Re1 Kb8 22. Bf2 {1/2-1/2 Mainka,R-Tischbierek,R/Baden-Baden 1992/ (22)}
) (12... Bxd4 13. Qxd4 f6 $8 14. Nd5 Nc6 15. Qe3 (15. Qb6 $5 Qxb6 16. Nxb6 Rb8
17. c4 e5 18. Rad1 Ke7 19. Rd2 Be6 $14) 15... Be6 16. Nb6 $6 (16. Rad1 Kf7 17.
c4 Qa5 18. a3 Qc5 19. Qd2 Rac8 20. b4 Qxc4 21. Nb6 Qxe4 22. Rfe1 Qf5 23. Nxc8
Rxc8 24. Qe3 Rc7 {1/2-1/2 Xie Jun-Lin Weiguo/Beijing/1998/ (36)}) 16... Rb8 17.
c4 Kf7 18. c5 (18. Rfd1 $5 Qg8 $1 19. c5 dxc5 20. Nd7 Rd8 21. Nxc5 Rxd1+ 22.
Rxd1 Qc8 $1 23. e5 $5 Rd8 $132) 18... dxc5 19. Qxc5 Qg8 20. f4 (20. Bxb8 Qxb8
21. g3 Ne5 22. Rfd1 Nf3+ 23. Kf1 Rxh2 24. Nd5) 20... gxf3 21. Rxf3 Rd8 {
0-1 Shirov,A-Salov,V/Wijk aan Zee/1998/ (36)}) 13. Qd2 (13. Nde2 Be5 (13... Ke7
14. Qd2 f6 15. Rad1 $16) 14. Bxe5 dxe5 15. Qxd8+ Kxd8 16. Rad1+ Ke7 $13) 13...
Nd7 $1 14. Bxd6 Ne5 (14... Nb6 15. Ncb5 axb5 16. Nxb5 Ra4 (16... Nc4 17. Qb4
$18) (16... f6 17. Nc7+ Kf7 18. Nxa8 Nc4) 17. Nc7+ Kd7 18. e5 $5 (18. Be5+ Kc6
19. Qxd8 Rxd8 20. Bxg7 Kxc7 $17)) 15. Ncb5 (15. Bc5 $2 Nc4 16. Qe2 Qc7 $19)
15... axb5 16. Nxb5 f6 17. Rfd1 {This position must have been part of black's
preparation, white certainly has some compensation for the sacrificed piece.} (
17. Nc7+ Kf7 18. Nxa8 (18. Rfd1 Ra4 $17) 18... Nc4 19. Qb4 Qxd6 20. Qxd6 Nxd6
21. Rfe1 Bd7 (21... f5 22. exf5 Bxb2 23. Rad1 Nxf5 $15) 22. Rad1 (22. Nb6 Bc6
23. e5 fxe5 $17) 22... Rxa8 (22... Ke7 23. Nb6 Bc6 24. Nd5+ $14) 23. Rxd6 Bc6
24. a3 Ra4 $17) 17... Kf7 18. Qe2 (18. Nc7 Ra4 19. Qe2 Nc6 $17) 18... Bd7 19.
Bxe5 fxe5 20. Nd6+ (20. Qxg4 $1 Qe7 (20... Kg8 21. Nd6) 21. Nd6+ Kg6 22. Rd3
$13) 20... Kg6 21. Rd3 $6 {An unfortunate slip, Shirov plays for high stakes
and loses initiative.} (21. Nxb7 Qc7 22. Nc5 Qxc5 23. Rxd7 g3 $1 24. hxg3 Rh7
$17) (21. Qxg4 $5 Rh4 (21... Qc7 22. Qf3 Raf8 23. Qb3 b6 24. Rd2 $16) 22. Qf3
Qf6 23. Qxf6+ Bxf6 24. Nxb7 Bc6 25. Nd6 $14) 21... Qf6 22. Qxg4 (22. Nxb7 $2
Bb5 $19) (22. c4 Bc6 23. b4 b6 $13) 22... Qf4 $1 23. h3 (23. Qxf4 exf4 24. Nf7
Rhf8 25. Rxd7 Rxf7 26. Rxf7 Kxf7 $17) 23... Qxg4 24. hxg4 Bc6 25. c4 (25. a3
Bf8 26. f3 $15) 25... Rhd8 26. f3 Bf8 27. c5 b6 $1 28. b4 (28. Rc1 bxc5 29. Nc4
Rxd3 30. Nxe5+ Kf6 31. Nxd3 Rxa2 32. Nxc5 Bb5 $17) 28... bxc5 29. bxc5 Ra5 {
[%mdl 4096] The game is not over yet, white has three pawns for the piece and
black pawns are isolated.} 30. Rc3 Rb8 31. Rc2 $6 (31. a3 $5 Rb2 32. Rd1 $15)
31... Kf6 32. Kf2 (32. Rd1 $2 Ba4 $19) 32... Ba4 33. Rc3 Rb2+ 34. Kg3 (34. Ke3
$2 Bxd6 35. cxd6 Bb5 36. Re1 Raxa2 $19) 34... Rc2 35. Rc1 (35. Rxc2 Bxc2 36.
Nb7 Ra3 37. Kf2 Ba4 $17) 35... Rxa2 36. Rb1 (36. c6 Bxd6 37. c7 Bd7 38. c8=Q
Bxc8 39. Rxc8 Ra8 $19) 36... Bc6 37. Rb6 Ra6 {Kasparov still has to surmount
technical problems, but the triumph is near.} 38. Rb8 (38. Rcb3 Be7 $17) 38...
Be7 39. Rc1 Ra8 40. Rb6 (40. Rxa8 Rxa8 41. Rb1 Ra5 $19) 40... R2a6 41. Rbb1 (
41. Rc2 Rxb6 42. cxb6 Bxd6 43. Rxc6 Ke7 44. b7 Rb8 45. Rb6 Kd7 $19) 41... Be8
42. Rh1 (42. Nxe8+ Rxe8 43. Rb6 Rxb6 44. cxb6 Rb8 45. Rb1 Rb7 46. Rb5 Bd8 $19)
42... Bg6 (42... Bxd6 43. cxd6 Rxd6 44. Rh8 Rad8 45. Rb7 $17) 43. Rb7 (43. Rhd1
Rc6 44. Rb5 Rd8 $19) 43... Rc6 44. Nf5 {The player in a pretty lost position
can afford a bit more than usual.} (44. Rd7 Rxc5 45. Rh6 Rc6 $19) 44... Bf8 (
44... exf5 45. gxf5 Bxf5 46. exf5 Bf8 $19) (44... Bxc5 45. Ng7 Bf7 46. Nh5+ Kg6
47. Rd1 Bd4 $19) 45. Rh8 (45. Ne3 Bxc5 $19) 45... exf5 46. gxf5 Bf7 47. Kg4 (
47. Rb6 Rxb6 48. cxb6 Rb8 49. Kg4 Kg7 $19) 47... Kg7 48. Rh5 Bxc5 49. Rxg5+ Kf6
{After heroic effort white have managed to eliminate all pawns, but the
opponent has won two spare bishops.} (49... Kf6 50. f4 Bd6 $19) 0-1

[Event "Hoogovens"]
[Site "Wijk aan Zee"]
[Date "1999.01.25"]
[Round "8"]
[White "Kasparov, Garry"]
[Black "Kasimdzhanov, Rustam"]
[Result "1-0"]
[WhiteElo "2812"]
[BlackElo "2595"]
[Annotator "Ftacnik,L"]
[PlyCount "71"]
[EventDate "1999.01.16"]
[EventType "tourn"]
[EventRounds "13"]
[EventCountry "NED"]
[EventCategory "17"]
[SourceTitle "CBM 069"]
[Source "ChessBase"]
[SourceDate "1999.04.01"]
[SourceVersion "1"]
[SourceVersionDate "1999.04.01"]
[SourceQuality "1"]

1. d4 Nf6 2. c4 g6 3. g3 Bg7 4. Bg2 d5 5. cxd5 Nxd5 6. e4 Nb6 7. Ne2 O-O 8. O-O
Nc6 9. d5 Na5 10. Nbc3 c6 11. b3 cxd5 12. exd5 Bg4 13. Bd2 (13. f3 Bd7 14. Ba3
$1 (14. Be3 e6 $5) 14... Re8 15. Rc1 e6 16. d6 Bc6 17. Nd4 $6 (17. Kh1 $1 Nd5
18. Nxd5 exd5 19. Nd4 $16) 17... Nd5 18. Nxd5 Bxd5 $1 19. Rc7 $5 Nc6 20. Nxc6
bxc6 {1/2-1/2 Obukhov,A-Kotsur,P/Kurgan/1994/ (28)}) 13... e6 (13... Nd7 14. h3
Bf5 15. Be3 Rc8 16. g4 Bxc3 17. Nxc3 Rxc3 18. gxf5 Nf6 19. Bd4 Rc7 20. Bxf6
exf6 21. Rc1 Rxc1 22. Qxc1 Qd6 {1/2-1/2 Hirschhorn,J-Feldman,V/Sydney 1995/ 
(53)}) 14. dxe6 Bxe6 15. Ne4 (15. Nf4 Bf5 16. Ncd5 Nc6 17. Rc1 Re8 18. Bc3 Nxd5
19. Nxd5 Be4 20. Bxg7 Kxg7 21. Rc4 Bxg2 22. Kxg2 Re5 23. Ne3 Qxd1 24. Rxd1 {
1/2-1/2 Mozny,M-Kalod,R/CZE/1997/ (24)}) 15... Nc6 (15... Bxa1 16. Qxa1 Nd5 (
16... Nd7 17. Bh6 f6 18. Bxf8 Qxf8 19. Rd1 $16) 17. Bh6 f6 18. Bxf8 Qxf8 19.
Rd1 $16) 16. Bg5 {Despite symmetrical pawn position white exercises better
control of the center, especially his knight on e4 is annoying for black.} (16.
Bc3 Re8 17. Bxg7 Kxg7 18. Nd6 $14) 16... Qxd1 (16... f6 $5 17. Be3 f5 (17...
Bg4 18. f3) 18. Nc5 Bxa1 19. Nxe6 Qxd1 20. Rxd1 Rf6 21. Nc7 Rc8 22. Nd5 $14)
17. Raxd1 h6 (17... f6 18. Bf4 $14) 18. Be3 (18. Bf6 Bxf6 19. Nxf6+ Kg7 20. Ne4
$14) 18... Rad8 (18... Nd5 19. Bc5 Rfd8 20. Nd6 b6 21. Ba3 $14) 19. Nd6 Bg4 (
19... Nb4 20. Nxb7 (20. Nf4 $5 $14) 20... Rxd1 21. Rxd1 Nxa2 22. Nc5 $14) 20.
f3 Bc8 21. Bc5 Bf6 (21... Nd7 22. Ba3 $14) 22. f4 $1 {Logical continuation,
white's plus is in maximum pressure against black position.} Bg4 (22... Be7 23.
Nxb7 Bxb7 24. Bxe7 Nxe7 25. Bxb7 $16) 23. Ne4 Bxe2 (23... Bg7 $2 24. Bxf8 Rxf8
25. Rfe1 $18) 24. Nxf6+ Kg7 25. Rxd8 (25. Bxf8+ Rxf8 26. Bxc6 Bxd1 27. Rxd1
bxc6 28. Rd6 Rc8 $14) 25... Rxd8 26. Re1 Rd2 {Kasimdzhanov can claim first
success, he managed to generate some counterplay.} (26... Kxf6 27. Rxe2 (27.
Bxc6 bxc6 28. Rxe2 Rd7 $14) 27... Rd1+ 28. Kf2 Nd5 29. Bf3 $14) (26... Rd1 27.
Ne8+ Kh7 28. Rxd1 Bxd1 29. Nd6 $16) 27. Ne8+ Kg8 28. Nd6 Nd7 (28... Rxa2 29.
Nxb7 Nb8 30. Bd4 $16) 29. Be3 Rxa2 (29... Rxd6 30. Rxe2 a6 31. Kf2 $16) 30. Bd5
Nd8 (30... Kf8 $5 31. b4 Rc2 (31... Rb2 32. Bc1 Rb1 33. Be4 Ra1 34. Bxc6 bxc6
35. Kf2 $18) 32. Bxf7 $16) 31. b4 Rb2 32. f5 $1 {[%mdl 2048] Kasparov has
excellent feeling for the dynamics of the position, black pieces are badly
coordinated and white's bishop's pair dominates.} (32. Bc1 Rb1 (32... Rc2 $2
33. Be4 Ra2 34. Bb1 Ra6 35. Nc8 $1 Re6 (35... Ra1 36. Bb2 $18) 36. f5 $1 $18)
33. Be4 Ra1 $13) 32... gxf5 (32... Nf6 $2 33. Bd4 $18) (32... g5 33. Rc1 $1 Nc6
(33... Nf6 34. Rc8 Nxd5 35. Rxd8+ Kh7 36. Bd4 Rb1+ 37. Kf2 $18) 34. Nxf7 Nxb4
35. Rc8+ Kg7 36. Bd4+ $18) 33. Nxf5 Ne6 (33... b6 34. Bc1 Rb1 35. Be4 Ra1 36.
Ne7+ $18) 34. Bc1 Rb1 (34... Rc2 35. Bxe6 fxe6 36. Nd4 Rxc1 37. Rxc1 Bg4 38.
Rc7 $18) 35. Be4 $1 Ra1 36. Ne7+ (36. Ne7+ Kf8 37. Bxh6+ Kxe7 38. Rxa1 Ba6 39.
Be3 $18) 1-0

[Event "Linares 16th"]
[Site "Linares"]
[Date "1999.02.22"]
[Round "2"]
[White "Ivanchuk, Vassily"]
[Black "Kasparov, Garry"]
[Result "0-1"]
[WhiteElo "2714"]
[BlackElo "2812"]
[Annotator "Ftacnik,L"]
[PlyCount "62"]
[EventDate "1999.02.21"]
[EventType "tourn"]
[EventRounds "14"]
[EventCountry "ESP"]
[EventCategory "20"]
[SourceTitle "CBM 070"]
[Source "ChessBase"]
[SourceDate "1999.06.08"]
[SourceVersion "1"]
[SourceVersionDate "1999.06.08"]
[SourceQuality "1"]

1. e4 c5 2. Nf3 d6 3. d4 cxd4 4. Nxd4 Nf6 5. Nc3 a6 6. Be3 Ng4 7. Bg5 h6 8. Bh4
g5 9. Bg3 Bg7 10. Qd2 Nc6 11. Nb3 Nge5 12. f3 b5 13. Bf2 Rb8 $1 14. Nd4 (14.
O-O-O Bd7 15. Nd4 Qa5 (15... Na5 16. b3 Nac6 17. Kb1 Qa5 18. Nd5 Qxd2 19. Rxd2
Rb7 20. Be2 O-O 21. h4 gxh4 22. Nf5 Bxf5 23. exf5 Rfb8 {1/2-1/2 Tolnai,T-Vegh,
E/HUN 1995 (36)}) 16. Kb1 O-O 17. h4 g4 18. f4 Nc4 19. Bxc4 bxc4 20. Ka1 Qb6
21. b3 cxb3 22. cxb3 Rfc8 {1/2-1/2 Wallace,J-Szekely,P/Budapest FS05 GM 1995 
(40)}) (14. Nd5 e6 15. Ne3 a5 16. a4 (16. Rd1 $6 a4 17. Nc1 O-O) 16... bxa4 17.
Rxa4 O-O 18. Be2 Ng6 (18... d5 $1 19. exd5 exd5 20. Qxd5 Be6 $1 21. Qxd8 Rfxd8
$132) 19. O-O Nf4 20. Rb1 Rb4 21. Rxb4 Nxe2+ 22. Qxe2 axb4 23. Qb5 {1/2-1/2
Leko,P-Milos,G/Yopal 1997 (43)}) 14... b4 $1 {Excellent active approach to the
problems of the opening. Kasparov studies his lines in extraordinary detail
manner.} (14... Bd7 15. Be2 (15. h4 g4 16. f4 g3 17. Bg1 Ng4 18. Nf5 Bxf5 19.
exf5 Nf2 20. Bxf2 gxf2+ 21. Qxf2 Qa5 22. Qg3 Kf8 23. a4 b4 24. Nd1 Nd4 25. Rc1
Nxf5 {0-1 Schneider,B-Heissler,J/BL9697 1997 (39)}) 15... Nc4 16. Bxc4 bxc4 17.
Rb1 Rg8 18. Nxc6 Bxc6 19. h3 h5 $1 20. Bd4 Bxd4 21. Qxd4 Qb6 $1 22. Qxb6 Rxb6
23. b4 cxb3 24. axb3 {1/2-1/2 Anand,V-Kasparov,G/Linares 1998/ (24)}) (14...
Na5 15. b3 (15. Nd5 Nac4 16. Bxc4 bxc4 17. h4 e6 18. f4 exd5 19. fxe5 Bb7 20.
e6 O-O 21. exf7+ Rxf7 22. Be3 Qe8 23. O-O-O Qa4 {0-1 Tidman,S-Petrovitch,I/
Murek 1998/ (34)}) 15... e6 16. Be2 Nec6 17. Rd1 Be5 18. a4 b4 19. Na2 Qf6 20.
g3 Ke7 21. Nxc6+ Nxc6 22. O-O Rd8 23. Kh1 a5 24. Be3 {1-0 Kovacevic,A-Ilincic,
Z/Belgrade/1998/ (43)}) 15. Nd1 (15. Nce2 Na5 16. Ng3 Nec4 17. Bxc4 Nxc4 18.
Qc1 Bd7 19. O-O Be5 20. Nh5 Qc7 21. h4 Rg8 22. Kh1 Rg6 23. Rb1 gxh4 {0-1 Ortiz,
N-Dzagnidze,N/Oropesa del Mar/1998/ (28)}) 15... Nxd4 16. Bxd4 d5 $1 {The key
move to black concept, second player has better development and he uses it to
his benefit.} 17. exd5 (17. Bxe5 Bxe5 18. Qxd5 (18. exd5 Qd6 19. g3 Bxb2 20.
Nxb2 Qe5+ 21. Be2 Qxb2 $15) 18... Qc7 19. g3 O-O (19... Bxb2 20. Nxb2 Qc3+ 21.
Qd2 Qxb2 22. Rd1 $13) 20. Qb3 Be6 21. Qa4 Bxb2 $17) (17. Nf2 dxe4 18. fxe4 Qxd4
19. Qxd4 Nf3+ 20. gxf3 Bxd4 $15) 17... Qxd5 18. c3 $6 {Endgames are usually
nice for black in the sicilian, but even middlegames can be very good. White
probably had to accept some problems after exchange of the queens.} (18. Ba7
Qxd2+ 19. Kxd2 Rb7 20. Be3 $15) 18... O-O 19. Be2 Rd8 20. Qe3 (20. Ne3 bxc3 21.
bxc3 Qe6 $15) 20... Bb7 21. Nf2 (21. Bb6 Rd6 22. Bc7 Re6 23. Bxb8 Nd3+ 24. Kf1
Rxe3 25. Nxe3 Qc5 $17) (21. O-O $5 bxc3 22. Bxc3 Rbc8 $15) 21... bxc3 22. Bxc3
(22. bxc3 Ng6 $1 (22... Nc4 23. Bxc4 Qxc4 24. Bxg7 Kxg7 25. h4 $1) 23. Bxg7
Kxg7 $17) 22... Qe6 23. Kf1 (23. Ne4 Ng4 24. fxg4 Qxe4 25. Qxe4 Bxc3+ 26. bxc3
Bxe4 $17) (23. O-O $2 Nxf3+ $19) 23... Bd5 $1 24. b3 (24. h4 Nc4 25. Qxe6 Bxe6
$15) 24... Rbc8 25. Rd1 (25. Rc1 Nxf3 26. Qxe6 Bxe6 27. gxf3 Rxc3 $17) 25...
Rxc3 $5 {This sacrifice seems so strightforward, that it is easy to overlook
small tactical problem in the main line.} 26. Qxc3 Ng4 27. Qa5 (27. Rxd5 Rxd5
28. Qe1 Ne3+ 29. Kg1 Nf5 $17) (27. Qd2 Ne3+ 28. Kg1 Nxd1 $17) 27... Ne3+ 28.
Kg1 Rc8 (28... Nxd1 29. Qxd8+ Kh7 30. Kf1 $1 {A shocking defense, but black
would be hard pressed to find anything better than a draw.} (30. Nxd1 Qxe2 $19)
(30. Bd3+ f5 31. Bxf5+ Qxf5 32. Nxd1 Qd3 $19) (30. Ne4 Bd4+ 31. Kf1 Ne3+ 32.
Ke1 Nxg2+ 33. Kd1 (33. Kd2 f5 $19) 33... Bxb3+ $1 $40) 30... Ne3+ (30... Nxf2
31. Kxf2 Bd4+ 32. Ke1 Qe3 33. Kd1 $1 $11 (33. Qxd5 $2 Qc1+ 34. Bd1 Qc3+ 35. Kf1
Qd3+ 36. Be2 Qb1+ $19)) 31. Kg1 Nf5 32. Kf1 $13) 29. Qxa6 $6 (29. Rd3 Rc1+ 30.
Bd1 Nxd1 31. Rxd1 (31. Nxd1 Bc3 32. Qd8+ Kh7 $19) 31... Rxd1+ 32. Nxd1 Qe2 $19)
(29. Rb1 Bd4 (29... g4 $6 30. Qxa6 Rc6 31. Qa8+ Rc8 32. Qa6 $11) 30. Qxa6 (30.
Qd2 Qb6 31. Rc1 Rd8 32. Bxa6 Bxf3 33. gxf3 Qxa6 $17) 30... Qxa6 31. Bxa6 Rc2
$17) 29... Nxd1 30. Qxe6 (30. Nxd1 Qxa6 31. Bxa6 Rc2 $17) 30... Bxe6 31. Bxd1 (
31. Nxd1 Rc2 32. Kf1 Rxa2 $17) 31... Rc1 {Ivanchuk was a bit depressed,
resigning in such a position is unusual. White position is difficult, but he
could have marched on with a lof of resistance.} (31... Rc1 32. g4 (32. Kf1 Ra1
33. Ke1 Rxa2 $17) 32... Ra1 33. Kg2 Bc3 34. a4 Ra2 35. Rf1 Bd4 36. Kg3 Rd2 $17)
0-1

[Event "Linares 16th"]
[Site "Linares"]
[Date "1999.03.03"]
[Round "9"]
[White "Kasparov, Garry"]
[Black "Ivanchuk, Vassily"]
[Result "1-0"]
[WhiteElo "2812"]
[BlackElo "2714"]
[Annotator "Huzman,A"]
[PlyCount "71"]
[EventDate "1999.02.21"]
[EventType "tourn"]
[EventRounds "14"]
[EventCountry "ESP"]
[EventCategory "20"]
[SourceTitle "CBM 070"]
[Source "ChessBase"]
[SourceDate "1999.06.08"]
[SourceVersion "1"]
[SourceVersionDate "1999.06.08"]
[SourceQuality "1"]

1. d4 {Hecht} d5 2. c4 dxc4 3. Nf3 e6 4. e3 c5 5. Bxc4 a6 6. O-O Nf6 7. Bb3 Nc6
8. Nc3 cxd4 9. exd4 Be7 10. Re1 O-O 11. a3 Na5 12. Bc2 $1 b5 13. d5 $1 {
[%mdl 100]} Nc4 (13... exd5 14. Qd3 g6 (14... Nc6 $2 15. Bg5 g6 16. Rxe7 $1 Bf5
17. Qe2 $18) 15. Nd4 $1 $44) (13... Nxd5 14. Nxd5 exd5 15. Qd3 g6 16. Bh6 (16.
Rxe7 $5 Qxe7 17. Qc3 Nc4 18. Bh6 f6 19. Re1 Qf7 (19... Be6 20. Nd4 $16) 20.
Bxf8 Qxf8 21. Nd4 $44) 16... Re8 (16... Bf5 17. Bxf8 $1 Bxd3 18. Bxe7 $16) 17.
Qc3 f6 18. Nd4 $44) 14. Qd3 Re8 (14... exd5 $2 15. Rxe7 Qxe7 16. Nxd5 $18) 15.
a4 (15. Ng5 $5 exd5 $1 (15... h6 16. Nge4 Nxd5 $140 (16... Ng4 17. Ng3 Nf6 18.
Nh5 $36) 17. Nxd5 exd5 18. Nf6+ $18) 16. Nxh7 g6 17. Nxf6+ (17. Ng5 Bf5 $17)
17... Bxf6 18. Rxe8+ Qxe8 19. Nxd5 Qe1+ 20. Qf1 Qxf1+ 21. Kxf1 Bxb2 22. Bxb2
Nxb2 $11) (15. Nd4 $5 {E.Ubilava}) 15... exd5 16. axb5 a5 (16... g6 17. Qd4 $1
Qb6 18. Bg5 $16) 17. b3 Nd6 (17... Nb6 18. Bg5 g6 19. Qd4 Be6 20. Ne5 $16) 18.
Nd4 (18. Re5 g6 19. Nxd5 Nxd5 20. Qxd5 (20. Rxd5 Bb7 21. Rd4 Bxf3 22. gxf3 Qb6
$44) 20... Bb7 21. Qd2 Bxf3 22. gxf3 Bf6 23. Rxe8+ Qxe8 24. Rxa5 Rxa5 25. Qxa5
Nxb5 $44) (18. Nxd5 $5 Bf5 19. Nxe7+ (19. Nxf6+ Bxf6 20. Rxe8+ Qxe8 21. Qxd6
Bxc2 $19) 19... Rxe7 20. Qd2 Rxe1+ (20... Bxc2 21. Rxe7 Qxe7 22. Qxc2 (22. Ba3
Bxb3 23. Bxd6 Qd7 $11) 22... Nxb5 23. Bd2 $16) 21. Nxe1 Bxc2 22. Qxc2 (22. Nxc2
Nxb5 23. Qxd8+ Rxd8 24. Bg5 Rd3 $14 {/=}) 22... Nxb5 23. Bb2 $14) 18... Bb7 19.
f3 (19. Nc6 {L.Ljubojevic} Bxc6 20. bxc6 Nde4 21. Nxd5 Qxd5 {G.Kasparov} (21...
Bc5 22. Nxf6+ Qxf6 23. Be3 Rad8 24. Qxe4 $1 (24. Qc4 Bxe3 25. fxe3 Qf2+ 26. Kh1
Ng3+ $1 27. hxg3 Rd6 $132) 24... Rxe4 25. Bxe4 Bxe3 26. fxe3 Qe5 27. Bf3 $16 {
/+-}) 22. Qxd5 Nxd5 23. Rxe4 (23. Bxe4 Bb4) 23... Nb4 $11) 19... Rc8 20. Na4 $1
(20. Bg5 Nde4 $1 {G.Kasparov} 21. fxe4 dxe4 22. Qd2 Bb4 $44 23. Bxf6 (23. Re3
Qc7 24. Bxf6 (24. Nc6 Ng4 25. Rg3 Bc5+) 24... Bxc3 25. Qxc3 Qxc3 26. Rxc3 Rxc3
$36) 23... Qxf6 24. Re3 Red8 25. Rd1 Rxd4 26. Qxd4 Bc5 27. Qd2 g6 28. Rde1 (28.
Nxe4 Bxe4 29. Bxe4 Qf4 30. Rde1 Qxe4 $15) 28... Qd4 29. Qxd4 Bxd4 30. Kf1 f5
$44) 20... Bf8 (20... h6 $5 21. Bf4 $14) 21. Bg5 g6 22. Qd2 Rxe1+ 23. Rxe1 Nde8
(23... h6 {G.Kasparov.} 24. Bxh6 Bxh6 25. Qxh6 Nxb5 26. Ne6 $1 fxe6 27. Qxg6+
Kf8 (27... Kh8 28. Qh6+ Kg8 29. Rxe6 Rxc2 30. Rxf6 Rc1+ 31. Kf2 Rc2+ 32. Kg3
$18) 28. Rxe6 Rc6 29. Nc5 $1 $18) 24. Re2 (24. Rxe8 Qxe8 25. Bxf6 Bb4 26. Qf2 (
26. Qc1 Ba3 $11 {Y.Dokhojan.}) 26... Be1 27. Qf1 Qe3+ 28. Kh1 Bh4 $3 29. Bxh4
Qxd4 30. Bf2 Qd2 31. Nc5 d4 32. Be1 Qxc2 33. Nxb7 d3 $19 {G.Kasparov.}) 24...
Bb4 25. Qe3 (25. Qf4 Qc7 26. Qh4 $16) 25... Rc7 26. Bd3 Re7 27. Qc1 Rxe2 (27...
Rc7 28. Qf4) 28. Bxe2 Qe7 29. Qe3 Qxe3+ 30. Bxe3 Nd7 31. Nc6 (31. b6 $5) 31...
Bxc6 32. bxc6 Nb8 {Hecht: 'Drei vs drei Leichtfiguren bei weißem Läuferpaar.'}
33. Bb6 Bd6 34. Nc3 Bc7 35. Bf2 (35. Bc5 $1 d4 36. Nd5 Bd8 37. Bb5 $18) 35...
d4 36. Nd5 (36. Nd5 Nxc6 37. Bb5 Nb4 38. Nxb4 Nd6 {'!' Hecht.} 39. Bd3 (39. Nd5
Nxb5 40. Nxc7 Nxc7 41. Bxd4 Nd5 42. Bf2 Nb4 (42... Kg7 43. Be1 Nb4 44. Bc3+ {
'!' Hecht.} f6 45. Bxb4 axb4 46. Kf2 $18 (46. Kf2 {Hecht} Kf7 47. Ke3 Ke6 48.
Kd4 $18 {[%csl Rb4]})) (42... Nc3 43. Kf1 Na2 44. Be3 $18) (42... Nf4 43. Kf1
Nd3 44. Be3 $18) 43. Bb6 Nc6 44. Kf2 Kh8 (44... Kf8 45. Ke2 (45. Ke3 Ke7 46.
Kd3 Kd6 47. Kc4 $18 {[%csl Ra5][%cal Rc4b5]}) 45... Ke7 46. Kd3 $18)) 39...
axb4 40. Bxd4 $16 {G.Kasparov}) 1-0